Capitals of the Soviet Republics - Map Quiz - Statistics

General Stats
  • This quiz has been taken 130 times
  • The average score is 13 of 15
Answers on the Map
Answers color-coded by a green-red scale on the quiz's map according to % correct below.
 
Answer Stats
Answer % Correct
Moscow
96%
Riga
94%
Kyiv
93%
Minsk
93%
Tallinn
93%
Vilnius
93%
Yerevan
92%
Baku
91%
Tbilisi
90%
Kishinev
86%
Alma-Ata
81%
Dushanbe
80%
Ashkhabad
76%
Tashkent
76%
Frunze
69%
No matching quizzes found
Score Distribution
Percent of People with Each Score
Percentile by Number Answered
Your Score History
You have not taken this quiz